লোডিং...

Electronic engineering / 3rd ed.

গ্রন্থ-পঞ্জীর বিবরন
প্রধান লেখক: Alley, Charles L.
অন্যান্য লেখক: Atwood, Kenneth W
বিন্যাস: Printed Book
ভাষা:English
সংস্করন:3rd ed.
বিষয়গুলি:
LEADER 00582nam a2200181 a 4500
005 20151028162148.0
008 960221s1955 dcuabcdjdbkoqu001 0deng d
003 ViArRB
082 |a 621.384 12 
100 |a Alley, Charles L.  |9 9120 
245 |a Electronic engineering / 3rd ed. 
250 |a 3rd ed. 
653 |a Circuits, radio and radar engineering  |a Circuits 
700 |a Atwood, Kenneth W  |9 9119 
942 |c BK  |6 _ 
942 |c BK 
999 |c 76392  |d 76392 
952 |0 0  |1 0  |2 ddc  |4 0  |6 62138412_L3  |7 0  |9 89173  |a SOS  |b SOS  |d 2009-09-30  |l 1  |o 621.38412 L3  |p MS002718  |r 2013-06-14  |s 2010-10-07  |w 2009-07-13  |y BK